000 00264nam a2200109Ia 4500
008 190912s9999||||xx |||||||||||||| ||und||
100 _aF. S. Hill
245 0 _aComputer Graphics Using Open GL
260 _aLondon
_bMcGraw Hill
_c2000
300 _a922
942 _cBK
999 _c7850
_d7850